Принципы легирования сплавов на основе карбидов тугоплавких металлов IV-VI групп периодической системы с кобальтом: автореферат диссертации на соискание ученой степени доктора технических наук

Bibliographische Detailangaben
1. Verfasser: Функе В. Ф.
Körperschaft: Академия наук Украинской ССР (АН УССР) Институт проблем материаловедения им И. Н. Францевича (ИПМ)
Weitere Verfasser: Назарчук Т. Н. (научный руководитель)
Sprache:Russisch
Veröffentlicht: Киев, 1967
Schlagworte:
Format: MixedMaterials Buch
KOHA link:https://koha.lib.tpu.ru/cgi-bin/koha/opac-detail.pl?biblionumber=163254

MARC

LEADER 00000nam0a2200000 4500
001 163254
005 20231031160729.0
035 |a (RuTPU)RU\TPU\book\177129 
090 |a 163254 
100 |a 20090811d1967 k y0rusy50 ca 
101 0 |a rus 
102 |a UA 
105 |a y dm 001zy 
200 1 |a Принципы легирования сплавов на основе карбидов тугоплавких металлов IV-VI групп периодической системы с кобальтом  |e автореферат диссертации на соискание ученой степени доктора технических наук  |f В. Ф. Функе  |g Академия наук Украинской ССР (АН УССР), Институт проблем материаловедения им И. Н. Францевича (ИПМ) ; науч. рук. Т. Н. Назарчук 
210 |d 1967  |a Киев 
215 |a 37 с. 
320 |a Библиогр.: с. 35-37. 
610 1 |a материаловедение 
610 1 |a сплавы 
610 1 |a легирование 
610 1 |a тугоплавкие металлы 
610 1 |a карбиды 
610 1 |a авторефераты диссертаций 
675 |a 621.7М.018  |v 3 
675 |a 621.7М.24/25  |v 3 
700 1 |a Функе  |b В. Ф. 
702 1 |a Назарчук  |b Т. Н.  |4 727 
712 0 2 |a Академия наук Украинской ССР (АН УССР)  |b Институт проблем материаловедения им И. Н. Францевича (ИПМ)  |c (Киев)  |2 stltpush  |3 (RuTPU)RU\TPU\col\1143 
801 1 |a RU  |b 63413507  |c 20090811 
801 2 |a RU  |b 63413507  |c 20100506  |g RCR 
942 |c BK